[Event "Berlin Spandau op"]
[Site "Berlin"]
[Date "2018.12.30"]
[Round "7"]
[White "Muse, Drazen"]
[Black "Major, Vitalij"]
[Result "1-0"]
[WhiteElo "2369"]
[BlackElo "2207"]
[PlyCount "49"]
[EventDate "2018.12.27"]
[EventType "swiss"]
[EventRounds "7"]
[EventCountry "GER"]
[SourceTitle "EXT 2022"]
[Source "ChessBase"]
[SourceDate "2021.10.06"]
[SourceVersion "1"]
[SourceVersionDate "2021.10.06"]
[SourceQuality "1"]

1. Nf3 Nf6 2. d4 e6 3. e3 b6 4. Bd3 Bb7 5. 0-0 c5 6. c4 cxd4 7. exd4 Be7 8. Nc3 d6 9. d5 e5 10. Ng5 h6 11. Nge4 Nbd7 12. Ng3 g6 13. f4 Qc8 14. b3 a6 15. a4 h5 16. f5 h4 17. Nge4 gxf5 18. Rxf5 Nxe4 19. Nxe4 Nc5 20. Be3 h3 21. Bxc5 bxc5 22. Qf3 hxg2 23. Ra2 Qd7 24. Rxf7 0-0-0 25. Nxc5 1-0

[Event "Berlin Spandau op"]
[Site "Berlin"]
[Date "2017.12.29"]
[Round "6"]
[White "Major, Vitalij"]
[Black "Neuman, Petr"]
[Result "1-0"]
[WhiteElo "2176"]
[BlackElo "2440"]
[PlyCount "99"]
[EventDate "2017.12.27"]
[EventType "swiss"]
[EventRounds "7"]
[EventCountry "GER"]
[SourceTitle "CBM 182 Extra"]
[Source "ChessBase"]
[SourceDate "2018.02.23"]
[SourceVersion "1"]
[SourceVersionDate "2018.02.23"]
[SourceQuality "1"]

1. Nf3 Nf6 2. c4 g6 3. b3 Bg7 4. Bb2 0-0 5. g3 c6 6. Bg2 d5 7. 0-0 a5 8. d3 a4 9. b4 dxc4 10. dxc4 Qxd1 11. Rxd1 Be6 12. Nbd2 a3 13. Bc3 Bg4 14. h3 Bxf3 15. Bxf3 Ra4 16. Rab1 Nfd7 17. Rdc1 Rd8 18. Bxg7 Kxg7 19. Ne4 f5 20. Nc3 Ra7 21. Rd1 Rc8 22. e4 Nb6 23. Be2 c5 24. bxc5 N6d7 25. exf5 gxf5 26. Nb5 Ra6 27. Nd4 Rxc5 28. Rxb7 Rd6 29. Ra7 Kf6 30. Rxa3 e5 31. Nc2 Rxd1+ 32. Bxd1 Rxc4 33. Ne3 Rd4 34. Ra5 Rd2 35. Bc2 f4 36. gxf4 exf4 37. Rf5+ Kg7 38. Rxf4 Ne5 39. Kg2 Nbc6 40. a4 h5 41. Kg3 Kh6 42. Nf5+ Kg5 43. h4+ Kf6 44. Nd4+ Ke7 45. Nxc6+ Nxc6 46. Bg6 Nd4 47. Bxh5 Kd6 48. a5 Ke5 49. Bf3 Rd3 50. Kg4 1-0

[Event "Berlin Spandau op"]
[Site "Berlin"]
[Date "2017.12.27"]
[Round "2"]
[White "Baier, Reinhard"]
[Black "Major, Vitalij"]
[Result "0-1"]
[WhiteElo "1967"]
[BlackElo "2176"]
[PlyCount "64"]
[EventDate "2017.12.27"]
[EventType "swiss"]
[EventRounds "7"]
[EventCountry "GER"]
[SourceTitle "CBM 182 Extra"]
[Source "ChessBase"]
[SourceDate "2018.02.23"]
[SourceVersion "1"]
[SourceVersionDate "2018.02.23"]
[SourceQuality "1"]

1. e4 c5 2. Nf3 e6 3. d4 cxd4 4. Nxd4 a6 5. c4 Nf6 6. Bd3 Nc6 7. Nxc6 dxc6 8. 0-0 e5 9. Bg5 h6 10. Bxf6 Qxf6 11. Be2 Bc5 12. Nc3 0-0 13. Qc2 Be6 14. Na4 Bd4 15. Rad1 b5 16. cxb5 cxb5 17. Nc3 Rac8 18. a3 Qe7 19. Rd3 Bc4 20. Rg3 Bxe2 21. Qxe2 Bxc3 22. bxc3 Rc6 23. Qg4 Rg6 24. Qf3 Qxa3 25. Rxg6 fxg6 26. Qd3 Rc8 27. Qd5+ Kh7 28. Qxe5 Qxc3 29. Qd5 b4 30. e5 Rc5 31. Qd6 Rxe5 32. Qxa6 Re1 0-1

[Event "Berlin Spandau op 2nd"]
[Site "Berlin"]
[Date "2016.12.28"]
[Round "3"]
[White "Major, Vitalij"]
[Black "Hartmann, Jakob"]
[Result "0-1"]
[WhiteElo "2187"]
[BlackElo "2049"]
[PlyCount "123"]
[EventDate "2016.12.27"]
[EventType "swiss"]
[EventRounds "7"]
[EventCountry "GER"]
[SourceTitle "CBM 176 Extra"]
[Source "ChessBase"]
[SourceDate "2017.03.02"]
[SourceVersion "1"]
[SourceVersionDate "2017.03.02"]
[SourceQuality "1"]

1. d4 d5 2. Nf3 e6 3. Bf4 Bd6 4. Bg3 Nf6 5. e3 0-0 6. Bd3 c5 7. c3 Nc6 8. Nbd2 Qe7 9. Ne5 Nd7 10. f4 f5 11. Ndf3 Nf6 12. 0-0 Bd7 13. Bh4 Be8 14. h3 Qc7 15. Ng5 Nd8 16. g4 Ne4 17. Qe2 Be7 18. Qg2 Bf6 19. Ngf3 Bxh4 20. Nxh4 Qe7 21. Nhf3 Rc8 22. Kh2 Rc7 23. Rac1 a6 24. Rg1 Kh8 25. Bxe4 dxe4 26. Nd2 Nc6 27. Ndc4 Nd8 28. Nd2 Nc6 29. Nxc6 Bxc6 30. gxf5 exf5 31. Qg5 cxd4 32. cxd4 Qb4 33. Nb3 Rcf7 34. Rc5 Bd7 35. Qg2 Be6 36. d5 Bd7 37. Rd1 Ba4 38. Rd4 Qe1 39. Rxa4 Rf6 40. Rc7 Rg6 41. Rc3 Rxg2+ 42. Kxg2 g5 43. fxg5 Rg8 44. h4 Qxh4 45. Kf1 Qh1+ 46. Ke2 Rxg5 47. Rc8+ Kg7 48. Kd2 Qb1 49. Kc3 Qd3+ 50. Kb4 Qxd5 51. Rc5 Qd6 52. Kc3 b6 53. Rd4 Qg3 54. Rd7+ Kh6 55. Rc6+ Rg6 56. Rxg6+ hxg6 57. Kd4 Qe1 58. Ke5 Qxe3 59. Nd4 Qg3+ 60. Kd5 e3 61. Rd6 Qg2+ 62. Kc4 0-1

[Event "Berlin Lichtenrade op 10th"]
[Site "Berlin"]
[Date "2014.10.26"]
[Round "9"]
[White "Figura, Atila Gajo"]
[Black "Major, Vitalij"]
[Result "1-0"]
[WhiteElo "2372"]
[BlackElo "2202"]
[PlyCount "39"]
[EventDate "2014.10.18"]
[EventType "swiss"]
[EventRounds "9"]
[EventCountry "GER"]
[SourceTitle "EXT 2015"]
[Source "ChessBase"]
[SourceDate "2014.11.20"]
[SourceVersion "1"]
[SourceVersionDate "2014.11.20"]
[SourceQuality "1"]

1. d4 Nf6 2. c4 e5 3. dxe5 Ng4 4. Bf4 g5 5. Bd2 Nxe5 6. Bc3 Bg7 7. e3 g4 8. Ne2 d6 9. Nf4 h5 10. Qc2 Nbc6 11. Nd2 Be6 12. 0-0-0 Qe7 13. Nd5 Qd7 14. f4 gxf3 15. gxf3 f5 16. Rg1 Rh6 17. Bh3 0-0-0 18. Nf4 Ng4 19. fxg4 Bxc3 20. gxf5 1-0

[Event "Berlin Lichtenrade op 10th"]
[Site "Berlin"]
[Date "2014.10.23"]
[Round "6"]
[White "Danin, Alexandre"]
[Black "Major, Vitalij"]
[Result "1-0"]
[WhiteElo "2563"]
[BlackElo "2202"]
[PlyCount "95"]
[EventDate "2014.10.18"]
[EventType "swiss"]
[EventRounds "9"]
[EventCountry "GER"]
[SourceTitle "EXT 2015"]
[Source "ChessBase"]
[SourceDate "2014.11.20"]
[SourceVersion "1"]
[SourceVersionDate "2014.11.20"]
[SourceQuality "1"]

1. e4 c5 2. Nf3 e6 3. d4 cxd4 4. Nxd4 a6 5. Be2 Nf6 6. Nc3 Qc7 7. 0-0 b5 8. Bf3 Bb7 9. e5 b4 10. exf6 bxc3 11. fxg7 Bxg7 12. Bxb7 cxb2 13. Bxb2 Qxb7 14. Rb1 Qd5 15. Nxe6 fxe6 16. Qxd5 exd5 17. Bxg7 Rg8 18. Ba1 Nc6 19. Rfd1 Rg5 20. Rb7 0-0-0 21. Rbb1 Re8 22. Rd2 Re4 23. a3 Ra4 24. Rf1 d4 25. f4 Rf5 26. g4 Rc5 27. Bb2 Rb5 28. Bc1 Rc5 29. h3 Rac4 30. f5 Rxc2 31. f6 Nd8 32. Rxc2 Rxc2 33. Bf4 d3 34. Rd1 Rc3 35. Be5 Rc5 36. Bd4 Rd5 37. Rxd3 Nf7 38. Rc3+ Kb7 39. Be3 a5 40. Kg2 a4 41. h4 Rb5 42. Bf4 d6 43. Re3 Rb2+ 44. Kf3 Rb3 45. g5 d5 46. Kg4 Rxe3 47. Bxe3 Kc6 48. h5 1-0

[Event "Berlin Werner Ott op"]
[Site "Berlin"]
[Date "2014.07.12"]
[Round "8"]
[White "Kalinitschew, Sergey"]
[Black "Major, Vitalij"]
[Result "1-0"]
[WhiteElo "2426"]
[BlackElo "2197"]
[PlyCount "35"]
[EventDate "2014.07.05"]
[EventType "swiss"]
[EventRounds "9"]
[EventCountry "GER"]
[SourceTitle "CBM 161 Extra"]
[Source "ChessBase"]
[SourceDate "2014.08.29"]
[SourceVersion "1"]
[SourceVersionDate "2014.08.29"]
[SourceQuality "1"]

1. c4 Nf6 2. Nc3 c6 3. e4 d5 4. exd5 cxd5 5. d4 Nc6 6. Nf3 e6 7. Bd3 Be7 8. 0-0 0-0 9. Re1 Nb4 10. Bf1 dxc4 11. Bxc4 b6 12. Ne5 Bb7 13. a3 Nbd5 14. Qd3 a6 15. Qh3 b5 16. Bd3 g6 17. Bh6 Re8 18. Nxf7 1-0

[Event "Berlin Spring op-A"]
[Site "Berlin"]
[Date "2014.05.03"]
[Round "6"]
[White "Melamed, Tatiana"]
[Black "Major, Vitalij"]
[Result "1/2-1/2"]
[WhiteElo "2388"]
[BlackElo "2179"]
[PlyCount "117"]
[EventDate "2014.05.01"]
[EventType "swiss"]
[EventRounds "7"]
[EventCountry "GER"]
[SourceTitle "CBM 160 Extra"]
[Source "ChessBase"]
[SourceDate "2014.07.01"]
[SourceVersion "1"]
[SourceVersionDate "2014.07.01"]
[SourceQuality "1"]

1. e4 c5 2. Nf3 e6 3. c4 Nc6 4. Nc3 Nf6 5. Be2 a6 6. 0-0 Qc7 7. d4 cxd4 8. Nxd4 Be7 9. Be3 d6 10. Rc1 0-0 11. Nd5 exd5 12. cxd5 Bd7 13. dxc6 bxc6 14. Bf3 Rab8 15. Qd2 Rfc8 16. e5 dxe5 17. Nxc6 Bxc6 18. Rxc6 Qd8 19. Qxd8+ Rxd8 20. b3 a5 21. Re1 e4 22. Be2 Nd5 23. Bc5 Bg5 24. Rd1 Nc3 25. Rxd8+ Bxd8 26. Ba6 Nxa2 27. Kf1 Nb4 28. Bxb4 axb4 29. Bc4 Kf8 30. Bd5 f5 31. Ra6 Bb6 32. Ra8 Rxa8 33. Bxa8 Ke7 34. g4 Kf6 35. gxf5 Kxf5 36. Kg2 Kf4 37. Bd5 g5 38. Bf7 Bc5 39. Be8 Bd6 40. Bf7 Kf5 41. Be8 Ke5 42. Bf7 Kd4 43. Be8 Kc3 44. Bf7 Bc5 45. Bd5 h6 46. h4 g4 47. Be6 h5 48. Bd5 Kd3 49. Bf7 Bxf2 50. Bxh5 g3 51. Bg6 Ke3 52. h5 Kf4 53. h6 Bd4 54. h7 Be5 55. Bf7 Ke3 56. Bg6 Kd4 57. h8Q Bxh8 58. Kxg3 Ke3 59. Kg2 1/2-1/2

[Event "Berlin Spring op-A"]
[Site "Berlin"]
[Date "2014.05.01"]
[Round "2"]
[White "Kalinitschew, Sergey"]
[Black "Major, Vitalij"]
[Result "1/2-1/2"]
[WhiteElo "2433"]
[BlackElo "2179"]
[PlyCount "41"]
[EventDate "2014.05.01"]
[EventType "swiss"]
[EventRounds "7"]
[EventCountry "GER"]
[SourceTitle "CBM 160 Extra"]
[Source "ChessBase"]
[SourceDate "2014.07.01"]
[SourceVersion "1"]
[SourceVersionDate "2014.07.01"]
[SourceQuality "1"]

1. e4 d6 2. d4 Nf6 3. Nc3 e5 4. Nf3 Nbd7 5. Bc4 h6 6. 0-0 Be7 7. Re1 0-0 8. a4 c6 9. a5 Re8 10. Ba2 Qc7 11. Nh4 Nf8 12. dxe5 dxe5 13. Qf3 Ne6 14. Ne2 Ng5 15. Bxg5 hxg5 16. Nf5 g4 17. Nxe7+ Qxe7 18. Qe3 Be6 19. Ng3 g6 20. Bxe6 Qxe6 21. Red1 1/2-1/2

[Event "Berlin Spring op-A"]
[Site "Berlin"]
[Date "2014.05.01"]
[Round "1"]
[White "Major, Vitalij"]
[Black "Reichardt, Peter"]
[Result "1-0"]
[WhiteElo "2179"]
[BlackElo "1963"]
[PlyCount "85"]
[EventDate "2014.05.01"]
[EventType "swiss"]
[EventRounds "7"]
[EventCountry "GER"]
[SourceTitle "CBM 160 Extra"]
[Source "ChessBase"]
[SourceDate "2014.07.01"]
[SourceVersion "1"]
[SourceVersionDate "2014.07.01"]
[SourceQuality "1"]

1. d4 d5 2. c4 e6 3. Nf3 c5 4. cxd5 exd5 5. e3 Nc6 6. Nc3 Nf6 7. Be2 c4 8. 0-0 Bd6 9. b3 Qa5 10. Bd2 Bb4 11. Qc2 b5 12. a3 Bxc3 13. Bxc3 Qc7 14. bxc4 bxc4 15. Ne5 0-0 16. f3 Be6 17. Kh1 Rab8 18. Qd2 Rb7 19. Bd1 Rfb8 20. Bc2 h5 21. Rae1 Rd8 22. Qe2 g6 23. Qf2 Ne7 24. Qh4 Kg7 25. Qg5 Nh7 26. Qg3 Nf5 27. Qf2 Qe7 28. e4 Nh6 29. Nc6 Qd6 30. Nxd8 Qxd8 31. Qg3 Qd7 32. Rb1 Rc7 33. Qe5+ f6 34. Qg3 g5 35. h4 g4 36. Bd2 Nf8 37. Bxh6+ Kxh6 38. fxg4 hxg4 39. Qf4+ Kh5 40. Qxf6 Nh7 41. Qe5+ Kh6 42. exd5 Bxd5 43. Rf6+ 1-0

[Event "Berlin-ch"]
[Site "Berlin"]
[Date "2014.04.23"]
[Round "5"]
[White "Lassan, Christian"]
[Black "Major, Vitalij"]
[Result "0-1"]
[WhiteElo "2077"]
[BlackElo "2156"]
[PlyCount "120"]
[EventDate "2014.04.19"]
[EventType "swiss"]
[EventRounds "9"]
[EventCountry "GER"]
[SourceTitle "EXT 2015"]
[Source "ChessBase"]
[SourceDate "2014.11.20"]
[SourceVersion "1"]
[SourceVersionDate "2014.11.20"]
[SourceQuality "1"]

1. e4 d6 2. Nf3 Nf6 3. d3 g6 4. Be2 Bg7 5. 0-0 0-0 6. h3 e5 7. c3 Nc6 8. Nbd2 Nh5 9. Re1 Nf4 10. Nf1 f5 11. Bxf4 exf4 12. exf5 Rxf5 13. d4 Kh8 14. Bd3 Rf8 15. b4 Bd7 16. b5 Ne7 17. Ng5 Nf5 18. Ne6 Bxe6 19. Rxe6 Qd7 20. Qe2 f3 21. gxf3 Nh4 22. Nh2 Be5 23. Rxe5 dxe5 24. Qxe5+ Qg7 25. Qg3 Nf5 26. Qg4 Rae8 27. f4 Qf6 28. Nf3 Nd6 29. Ne5 Qxf4 30. Qxf4 Rxf4 31. f3 Kg7 32. Kf2 Rf6 33. Kg3 Re7 34. a4 Nf7 35. Nxf7 Kxf7 36. Be4 c6 37. bxc6 bxc6 38. Rb1 Rc7 39. c4 Rd6 40. d5 cxd5 41. Bxd5+ Kf6 42. Kf4 Ra6 43. Rb4 Ra5 44. h4 Re7 45. Kg4 Kg7 46. Kg5 h6+ 47. Kg4 Kf6 48. Kf4 Re1 49. Rb7 g5+ 50. hxg5+ hxg5+ 51. Kg4 Rg1+ 52. Kh5 Rxa4 53. Rf7+ Ke5 54. Rg7 Ra2 55. Rxg5+ Rxg5+ 56. Kxg5 Rg2+ 57. Kh5 Kf4 58. Be4 a5 59. Kh6 a4 60. c5 a3 0-1

[Event "Berlin-ch"]
[Site "Berlin"]
[Date "2014.04.19"]
[Round "1"]
[White "Stern, Rene"]
[Black "Major, Vitalij"]
[Result "1-0"]
[WhiteElo "2502"]
[BlackElo "2156"]
[PlyCount "116"]
[EventDate "2014.04.19"]
[EventType "swiss"]
[EventRounds "9"]
[EventCountry "GER"]
[SourceTitle "EXT 2015"]
[Source "ChessBase"]
[SourceDate "2014.11.20"]
[SourceVersion "1"]
[SourceVersionDate "2014.11.20"]
[SourceQuality "1"]

1. d4 Nf6 2. c4 e6 3. Nc3 Bb4 4. Bd2 d5 5. e3 0-0 6. Nf3 c6 7. Be2 Nbd7 8. 0-0 a5 9. Qc2 Qe7 10. a3 Bd6 11. h3 h6 12. Rfe1 dxc4 13. Bxc4 e5 14. Ba2 Re8 15. Nh4 Nf8 16. Nf5 Bxf5 17. Qxf5 Qd7 18. Qxd7 N8xd7 19. d5 Nc5 20. Rec1 Rec8 21. dxc6 bxc6 22. Nd1 Nfe4 23. Bxa5 Rxa5 24. b4 Ra7 25. bxc5 Nxc5 26. Nb2 e4 27. Nc4 Bf8 28. Rd1 Nd3 29. f3 Nc5 30. Rac1 exf3 31. gxf3 Ne6 32. Nb6 Re8 33. Bxe6 fxe6 34. a4 c5 35. Ra1 Be7 36. a5 Bf6 37. Ra3 Rb8 38. Nc4 Rb4 39. Rc1 Ra6 40. Rc2 Kf8 41. Kg2 Bd8 42. f4 Bc7 43. Kf3 Ke7 44. Rd3 Ra7 45. Ra3 Ra6 46. Ra1 Kf6 47. Rd1 Ke7 48. Rcd2 Bxf4 49. Nb6 Bg5 50. Rd7+ Ke8 51. R1d6 Rxa5 52. Rxe6+ Kf8 53. Rc6 Kg8 54. Rg6 Ra3 55. Rdxg7+ Kf8 56. Nd7+ Ke8 57. Re6+ Kd8 58. Nxc5 Kc8 1-0

[Event "Berlin Lichtenrade op 09th"]
[Site "Berlin"]
[Date "2013.10.06"]
[Round "9"]
[White "Major, Vitalij"]
[Black "Bruedigam, Martin"]
[Result "1/2-1/2"]
[WhiteElo "2164"]
[BlackElo "2312"]
[PlyCount "78"]
[EventDate "2013.09.28"]
[EventType "swiss"]
[EventRounds "9"]
[EventCountry "GER"]
[SourceTitle "CBM 156 Extra"]
[Source "ChessBase"]
[SourceDate "2013.10.22"]
[SourceVersion "1"]
[SourceVersionDate "2013.10.22"]
[SourceQuality "1"]

1. Nf3 d5 2. d4 Nf6 3. c4 dxc4 4. e3 e6 5. Bxc4 a6 6. a4 c5 7. 0-0 Nc6 8. Qe2 cxd4 9. Rd1 Bc5 10. Nxd4 Nxd4 11. exd4 Bd6 12. d5 e5 13. Bg5 Bg4 14. f3 Bf5 15. Nc3 0-0 16. Bd3 Bxd3 17. Rxd3 Qb6+ 18. Kh1 Ne8 19. Ne4 Rc8 20. Be3 Qd8 21. Rc3 f5 22. Rxc8 Qxc8 23. Rc1 Qd7 24. Nc5 Qe7 25. Ne6 Rf7 26. Rc8 h6 27. Qc2 Kh7 28. a5 Nc7 29. Nxc7 Bxc7 30. Bb6 Bxb6 31. axb6 Qb4 32. g4 Qxb6 33. gxf5 Qf6 34. Kg2 Qg5+ 35. Kf2 Qh4+ 36. Kg2 Qf6 37. Qe4 Qg5+ 38. Kf2 Qd2+ 39. Kg3 Qg5+ 1/2-1/2

[Event "Berlin Lichtenrade op 09th"]
[Site "Berlin"]
[Date "2013.10.02"]
[Round "5"]
[White "Major, Vitalij"]
[Black "Kirchhof, Arno"]
[Result "1/2-1/2"]
[WhiteElo "2164"]
[BlackElo "2069"]
[PlyCount "39"]
[EventDate "2013.09.28"]
[EventType "swiss"]
[EventRounds "9"]
[EventCountry "GER"]
[SourceTitle "CBM 156 Extra"]
[Source "ChessBase"]
[SourceDate "2013.10.22"]
[SourceVersion "1"]
[SourceVersionDate "2013.10.22"]
[SourceQuality "1"]

1. d4 Nf6 2. c4 e6 3. Nc3 d5 4. Bg5 Be7 5. e3 h6 6. Bh4 0-0 7. Qc2 Ne4 8. Bxe7 Qxe7 9. cxd5 Nxc3 10. Qxc3 exd5 11. Rc1 c6 12. Bd3 Qg5 13. g3 Qf6 14. f3 Bf5 15. Kf2 Nd7 16. Ne2 Rfe8 17. Nf4 Re7 18. h4 Rae8 19. Rce1 Bxd3 20. Qxd3 1/2-1/2

[Event "Berlin Lichtenrade op 09th"]
[Site "Berlin"]
[Date "2013.09.30"]
[Round "3"]
[White "Major, Vitalij"]
[Black "Rabiega, Robert"]
[Result "1/2-1/2"]
[WhiteElo "2164"]
[BlackElo "2507"]
[PlyCount "85"]
[EventDate "2013.09.28"]
[EventType "swiss"]
[EventRounds "9"]
[EventCountry "GER"]
[SourceTitle "CBM 156 Extra"]
[Source "ChessBase"]
[SourceDate "2013.10.22"]
[SourceVersion "1"]
[SourceVersionDate "2013.10.22"]
[SourceQuality "1"]

1. d4 d5 2. Nf3 Nf6 3. e3 a6 4. Bd3 Bg4 5. Nbd2 e6 6. 0-0 c5 7. h3 Bh5 8. c3 Nc6 9. b3 Bd6 10. Bb2 0-0 11. Rc1 Qe7 12. dxc5 Bxc5 13. c4 Ba7 14. a3 Rac8 15. Qe2 Rfd8 16. cxd5 Nxd5 17. b4 e5 18. Be4 Bg6 19. Bxg6 hxg6 20. Nb3 e4 21. Nfd4 Ne5 22. Rxc8 Rxc8 23. Rc1 Rd8 24. Nc5 Bxc5 25. Rxc5 Nd3 26. Rc4 f5 27. Nb3 Qf7 28. Rd4 Rc8 29. Nc5 Nxc5 30. Qc4 Nb6 31. Qxf7+ Kxf7 32. bxc5 Rxc5 33. Rd6 Rc6 34. Rd8 Ke6 35. Bxg7 Nd5 36. g4 fxg4 37. hxg4 Rc1+ 38. Kg2 Rc2 39. Kg3 Ra2 40. Bf8 Nc3 41. Bb4 Ne2+ 42. Kg2 Nc1 43. Rd6+ 1/2-1/2

[Event "Berlin Werner Ott op"]
[Site "Berlin"]
[Date "2013.07.14"]
[Round "9"]
[White "Major, Vitalij"]
[Black "Burger, Heinrich"]
[Result "1-0"]
[WhiteElo "2166"]
[BlackElo "2134"]
[PlyCount "158"]
[EventDate "2013.07.06"]
[EventType "swiss"]
[EventRounds "9"]
[EventCountry "GER"]
[SourceTitle "CBM 155 Extra"]
[Source "ChessBase"]
[SourceDate "2013.08.26"]
[SourceVersion "1"]
[SourceVersionDate "2013.08.26"]
[SourceQuality "1"]

1. d4 Nf6 2. c4 e6 3. Nc3 Bb4 4. Qc2 0-0 5. Nf3 c5 6. dxc5 Na6 7. a3 Bxc3+ 8. Qxc3 Nxc5 9. g3 Nce4 10. Qc2 d5 11. Bg2 Qc7 12. Bf4 Qxc4 13. Qxc4 dxc4 14. Ne5 c3 15. b4 Nd2 16. Rc1 Nd5 17. Bxd5 exd5 18. Bxd2 cxd2+ 19. Kxd2 Re8 20. Nf3 Bg4 21. Nd4 Rac8 22. Rxc8 Rxc8 23. Rc1 Rxc1 24. Kxc1 Kf8 25. Kd2 Bd7 26. Nb3 b6 27. Kc3 Ke7 28. Kd4 Kd6 29. Nd2 Bc6 30. Nf3 f6 31. Nh4 Bd7 32. Ng2 g5 33. Ne3 Be6 34. Nd1 Bd7 35. Nc3 Bc6 36. Nd1 Bd7 37. Ne3 Be6 38. Nf1 Bd7 39. Nd2 Bc6 40. Nb1 Bd7 41. f4 gxf4 42. gxf4 Bc6 43. Nc3 Ke6 44. e3 Kd6 45. Ne2 Bd7 46. Kc3 Ke6 47. Nd4+ Kd6 48. Kd2 a6 49. Ke2 a5 50. bxa5 bxa5 51. Nb3 Ba4 52. Nxa5 Kc7 53. Kd3 Kb6 54. Kd4 Kxa5 55. Kxd5 Bb3+ 56. Ke4 Bc2+ 57. Kd5 f5 58. Ke6 Ka4 59. Kf6 Kxa3 60. h4 Kb4 61. h5 Kc3 62. Kg7 Kd3 63. Kxh7 Kxe3 64. Kg7 Kxf4 65. h6 Ke3 66. h7 f4 67. h8Q f3 68. Qh6+ Ke2 69. Qh5 Bd1 70. Kf6 Ke1 71. Qa5+ Ke2 72. Qb5+ Ke1 73. Qb4+ Ke2 74. Qc4+ Ke1 75. Qc3+ Ke2 76. Qe5+ Kf1 77. Qd5 Ke1 78. Qe4+ Be2 79. Kg5 f2 1-0

[Event "Berlin Werner Ott op"]
[Site "Berlin"]
[Date "2013.07.13"]
[Round "8"]
[White "Kopisch, Martin"]
[Black "Major, Vitalij"]
[Result "1/2-1/2"]
[WhiteElo "2129"]
[BlackElo "2166"]
[PlyCount "105"]
[EventDate "2013.07.06"]
[EventType "swiss"]
[EventRounds "9"]
[EventCountry "GER"]
[SourceTitle "CBM 155 Extra"]
[Source "ChessBase"]
[SourceDate "2013.08.26"]
[SourceVersion "1"]
[SourceVersionDate "2013.08.26"]
[SourceQuality "1"]

1. d4 d6 2. c4 e5 3. Nf3 Nc6 4. Nc3 exd4 5. Nxd4 Nxd4 6. Qxd4 Nf6 7. e4 Be7 8. f3 0-0 9. Be3 c6 10. Be2 Qa5 11. 0-0 Be6 12. a3 Rfd8 13. b4 Qc7 14. Rac1 Qd7 15. Rfd1 a6 16. Qd2 b5 17. Qc2 Qb7 18. Nb1 bxc4 19. Bxc4 d5 20. Bd3 dxe4 21. Bxe4 Rxd1+ 22. Rxd1 Nxe4 23. Qxe4 a5 24. bxa5 Rxa5 25. Nc3 Rxa3 26. Rb1 Rb3 27. Rxb3 Bxb3 28. Ne2 Qb4 29. Ng3 Qxe4 30. Nxe4 f6 31. Kf2 Kf7 32. h3 Bc4 33. Nc5 h5 34. f4 f5 35. Nd7 Bd6 36. Ne5+ Bxe5 37. fxe5 Ke6 38. Bc1 Kxe5 39. Bb2+ Ke4 40. Bxg7 f4 41. g4 fxg3+ 42. Kxg3 Be6 43. Bf8 Kd4 44. h4 c5 45. Kf2 c4 46. Ke2 Kc3 47. Ke3 Kc2 48. Bb4 Kb2 49. Be7 c3 50. Bf6 Bc4 51. Be5 Ba6 52. Bf6 Bc8 53. Be5 1/2-1/2

[Event "Berlin Werner Ott op"]
[Site "Berlin"]
[Date "2013.07.12"]
[Round "7"]
[White "Major, Vitalij"]
[Black "Perestjuk, Marko"]
[Result "1/2-1/2"]
[WhiteElo "2166"]
[BlackElo "2033"]
[PlyCount "50"]
[EventDate "2013.07.06"]
[EventType "swiss"]
[EventRounds "9"]
[EventCountry "GER"]
[SourceTitle "CBM 155 Extra"]
[Source "ChessBase"]
[SourceDate "2013.08.26"]
[SourceVersion "1"]
[SourceVersionDate "2013.08.26"]
[SourceQuality "1"]

1. d4 d5 2. c4 e6 3. Nc3 c6 4. Nf3 dxc4 5. a4 Bb4 6. e3 b5 7. Bd2 a5 8. Ne5 Nf6 9. axb5 Bxc3 10. Bxc3 cxb5 11. Qf3 Ra7 12. Qg3 0-0 13. Nxc4 Nc6 14. Ne5 Nxe5 15. Qxe5 Nd5 16. Bxb5 Qb6 17. Bd3 Nxc3 18. bxc3 Qb2 19. 0-0 Qxc3 20. Bb5 Ba6 21. Rfc1 Qb4 22. Rcb1 Qc3 23. Rc1 Qb4 24. Rcb1 Qc3 25. Rc1 Qb4 1/2-1/2

[Event "Berlin Werner Ott op"]
[Site "Berlin"]
[Date "2013.07.06"]
[Round "1"]
[White "Major, Vitalij"]
[Black "Koischwitz, Wanja"]
[Result "1-0"]
[WhiteElo "2166"]
[BlackElo "1843"]
[PlyCount "103"]
[EventDate "2013.07.06"]
[EventType "swiss"]
[EventRounds "9"]
[EventCountry "GER"]
[SourceTitle "CBM 155 Extra"]
[Source "ChessBase"]
[SourceDate "2013.08.26"]
[SourceVersion "1"]
[SourceVersionDate "2013.08.26"]
[SourceQuality "1"]

1. d4 Nf6 2. c4 e5 3. dxe5 Ng4 4. e4 Nxe5 5. Be3 Bb4+ 6. Nc3 Bxc3+ 7. bxc3 0-0 8. f4 Nec6 9. Bd3 d6 10. Nf3 b6 11. 0-0 Qe7 12. Bd4 Nd7 13. Re1 f6 14. e5 Nxd4 15. cxd4 f5 16. Qc2 g6 17. Qb3 Kh8 18. Re3 Bb7 19. Rae1 Bxf3 20. Rxf3 dxe5 21. fxe5 c5 22. d5 Qh4 23. g3 Qd4+ 24. Kg2 Nxe5 25. Rfe3 Ng4 26. Rf3 Rae8 27. Rf4 Qg7 28. Qb1 Rxe1 29. Qxe1 Qb2+ 30. Qe2 Qxe2+ 31. Bxe2 Ne3+ 32. Kf2 Re8 33. h3 Kg7 34. Bd3 Kf6 35. Rf3 Nd1+ 36. Kf1 Re3 37. Rxe3 Nxe3+ 38. Ke2 f4 39. gxf4 Nf5 40. Bxf5 gxf5 41. Kd3 a6 42. a4 Ke7 43. a5 bxa5 44. Kc3 a4 45. Kb2 Kd6 46. Ka3 Kc7 47. Kxa4 Kb6 48. d6 Kc6 49. Ka5 Kxd6 50. Kxa6 Kc6 51. Ka5 h6 52. Ka6 1-0

[Event "Berlin-ch QT"]
[Site "Berlin"]
[Date "2013.04.04"]
[Round "6"]
[White "Major, Vitalij"]
[Black "Heerde, Thomas"]
[Result "1-0"]
[WhiteElo "2156"]
[BlackElo "2023"]
[PlyCount "97"]
[EventDate "2013.03.30"]
[EventType "swiss"]
[EventRounds "9"]
[EventCountry "GER"]
[SourceTitle "EXT 2023"]
[Source "ChessBase"]
[SourceDate "2022.10.05"]
[SourceVersion "1"]
[SourceVersionDate "2022.10.05"]
[SourceQuality "1"]

1. Nf3 Nf6 2. e3 g6 3. b3 Bg7 4. Bb2 0-0 5. Be2 b6 6. d4 Bb7 7. Nbd2 d6 8. c4 Nbd7 9. 0-0 e5 10. dxe5 Ng4 11. Nd4 Ngxe5 12. f4 Nc6 13. Bf3 Qe8 14. Re1 Nc5 15. Qb1 Rb8 16. a3 Qd7 17. Qc2 Rfe8 18. Nxc6 Bxc6 19. Bxg7 Kxg7 20. b4 Bxf3 21. gxf3 Ne6 22. Qc3+ f6 23. Ne4 Rf8 24. Ra2 Rf7 25. Rg2 Nf8 26. Rd1 Qe6 27. Ng5 Qf5 28. Nxf7 Kxf7 29. Qd3 Qh3 30. Rg3 Qc8 31. Qd5+ Kg7 32. f5 Qe8 33. f4 Qa4 34. fxg6 hxg6 35. h4 Qxa3 36. h5 Re8 37. hxg6 Re7 38. b5 a5 39. bxa6 Qxa6 40. Rh3 Qa4 41. Qh5 Nxg6 42. Rg3 Kf8 43. Rxg6 Rh7 44. Rxf6+ Ke7 45. Qxh7+ Kxf6 46. Rd5 Qe8 47. e4 b5 48. e5+ dxe5 49. Qh6+ 1-0